Контроль и диагностика оборудования в системе теплогазоснабжения

Podrobná bibliografie
Hlavní autor: Илюхин К. Н. Константин Николаевич
Další autoři: Чекардовская И. А. Ирина Александровна, Чекардовский С. М. Сергей Михайлович
Shrnutí:Достоверный контроль и диагностика технического состояния оборудования (основного и вспомогательного) в газовой, нефтяной отрасли, на тепловых и атомных электростанциях приобретают особое значение. В монографии представлены технические решения в виде модифицированных методов и средств автоматизированного контроля и диагностики оборудования системы теплоснабжения и газоснабжения.
Jazyk:ruština
Vydáno: СПб., Недра, 2007
Témata:
Médium: Kniha
KOHA link:https://koha.lib.tpu.ru/cgi-bin/koha/opac-detail.pl?biblionumber=158823

MARC

LEADER 00000nam0a2200000 4500
001 158823
005 20231101222049.0
010 |a 9785940891086 
035 |a (RuTPU)RU\TPU\book\172250 
090 |a 158823 
100 |a 20090428d2007 k y0rusy50 ca 
101 0 |a rus 
102 |a RU 
105 |a a z 001zy 
200 1 |a Контроль и диагностика оборудования в системе теплогазоснабжения  |f К. Н. Илюхин, И. А. Чекардовская, С. М. Чекардовский 
210 |a СПб.  |c Недра  |d 2007 
215 |a 200 с.  |c ил. 
320 |a Библиогр.: с. 186-189. 
330 |a Достоверный контроль и диагностика технического состояния оборудования (основного и вспомогательного) в газовой, нефтяной отрасли, на тепловых и атомных электростанциях приобретают особое значение. В монографии представлены технические решения в виде модифицированных методов и средств автоматизированного контроля и диагностики оборудования системы теплоснабжения и газоснабжения. 
606 1 |a Теплогазоснабжение  |2 stltpush  |3 (RuTPU)RU\TPU\subj\59733  |9 77232 
610 1 |a оборудование 
610 1 |a надежность 
610 1 |a неисправности 
610 1 |a контроль 
610 1 |a диагностика 
610 1 |a анализ 
610 1 |a экспериментальные исследования 
610 1 |a техническое состояние 
610 1 |a теоретические исследования 
610 1 |a результаты 
675 |a 696/697  |v 3 
700 1 |a Илюхин  |b К. Н.  |g Константин Николаевич 
701 1 |a Чекардовская  |b И. А.  |g Ирина Александровна 
701 1 |a Чекардовский  |b С. М.  |g Сергей Михайлович 
801 1 |a RU  |b 63413507  |c 20090428  |g PSBO 
801 2 |a RU  |b 63413507  |c 20150930  |g RCR 
900 |a Надежность, оптимизация систем теплоэнергоснабжения 
942 |c BK 
959 |a 56/20090428  |d 2  |e 300,00  |f АНЛ:1  |f ЧЗТЛ:1